000 00801nam a2200205 a 4500
003 0
005 20250328110909.0
008 050809s19uu xx 00 eng d
050 _aPGS RJ 386.A44.L69
_b.D331 2005
100 _aDe la Cruz, Isabella Paulina L.
245 _aProfile of lower school students with allergies /
_cIsabella Paulina L. De la Cruz.
260 _aLas PiƱas City, Philippines :
_bSouthville International School and Colleges,
_c2005.
300 _a26 pages :
_billustrations ;
_c28 cm.
504 _aIncludes bibliographical references.
650 _aAllergy in children
_vPrevention.
650 _aSchool children
_vHealth and hygiene.
650 _aAllergy
_vManagement and treatment.
650 _aEnvironmental factors and allergies in children.
942 _2lcc
_cPASS
999 _c97353
_d97353